THE 3th CONFERENCE ON TEACHERS PREPARATION IN DECADE OF EDUCATION FOR SUSTAINABLE DEVELOPMENT

Bibliographic Details
Main Author: Daxnerová, Oľga, 1955- (Author)
Format: Article
Language:English

MARC

LEADER 00000nab a2200000uu 4500
001 vtls011157104
003 SK-MaSNL
005 20260303130023.0
008 230218|2007 xo |||||||||||||||||eng|
015 |a SNBRB 
035 |a (urnnbn)urn:nbn:sk:snk:ar-a0aefs 
035 |a (uuid)9369c008-de75-4c12-ba67-3baca79be37a 
035 |a urn:nbn:sk:snk-abb58h 
040 |a SNKBUCL  |b slo  |c SNKBUCL  |e AACR2 
041 0 |a eng 
044 |a xo  |c SK 
100 1 |a Daxnerová, Oľga,  |d 1955-  |4 aut  |9 18986 
245 1 0 |a THE 3th CONFERENCE ON TEACHERS PREPARATION IN DECADE OF EDUCATION FOR SUSTAINABLE DEVELOPMENT  |c Oľga Daxnerová 
773 0 |t Environmental management for education and edification : an international journal for theory and practice in environmental management for education and edification  |g Roč. 4, č. 1 (2007), s. 35-36 
958 |a OND 
958 |a EUIPO 
958 |a article14 
999 |c 1937821  |d 1939751